[Event "Muensterland Verbandsliga 2526"]
[Site "Germany"]
[Date "2026.03.14"]
[Round "7"]
[Board "4"]
[White "Te Sligte, Bert"]
[Black "Hanewinkel, Winfried"]
[Result "1/2-1/2"]
[WhiteElo "1805"]
[BlackElo "1851"]
[WhiteFideId "-1"]
[BlackFideId "-1"]
[PlyCount "36"]
[GameId "2287923952579783"]
[EventDate "2025.??.??"]
[EventType "team-tourn"]
[EventRounds "9"]
[EventCountry "GER"]
[SourceTitle "Verband Muensterland"]
[SourceDate "2025.11.13"]
[SourceVersion "1"]
[SourceVersionDate "2025.11.13"]
[SourceQuality "1"]
[WhiteTeam "Stadtlohn"]
[BlackTeam "Beelen"]
[WhiteTeamCountry "GER"]
[BlackTeamCountry "GER"]

1. e4 c5 2. Nf3 Nc6 3. d4 cxd4 4. Nxd4 Nf6 5. Nc3 e5 6. Nxc6 bxc6 7. Be2 Be7 8. O-O d6 9. Bg5 O-O 10. Kh1 h6 11. Bh4 Nh7 12. Bxe7 Qxe7 13. Qd2 Ng5 14. Rfd1 Rd8 15. Bc4 Be6 16. Bb3 Nh7 17. Qe3 Nf6 18. f3 Nd7 1/2-1/2

[Event "Muensterland Verbandsliga 2526"]
[Site "Germany"]
[Date "2026.03.14"]
[Round "7"]
[Board "5"]
[White "Beckmann, Frank"]
[Black "Bußwolder, Peter"]
[Result "1/2-1/2"]
[WhiteElo "1745"]
[BlackElo "1755"]
[WhiteFideId "-1"]
[BlackFideId "-1"]
[PlyCount "48"]
[GameId "2287929618982191"]
[EventDate "2025.??.??"]
[EventType "team-tourn"]
[EventRounds "9"]
[EventCountry "GER"]
[SourceTitle "Verband Muensterland"]
[SourceDate "2025.11.13"]
[SourceVersion "1"]
[SourceVersionDate "2025.11.13"]
[SourceQuality "1"]
[WhiteTeam "Beelen"]
[BlackTeam "Stadtlohn"]
[WhiteTeamCountry "GER"]
[BlackTeamCountry "GER"]

1. d4 d5 2. Bf4 e6 3. Nf3 Nf6 4. a3 c5 5. e3 Nc6 6. Be2 Bd6 7. Bg3 O-O 8. O-O Ne4 9. Bxd6 Qxd6 10. Nbd2 Nxd2 11. Qxd2 b6 12. Rfd1 Rd8 13. Rac1 c4 14. c3 Na5 15. Qc2 Nb3 16. Rb1 Bd7 17. Re1 a5 18. Bd1 Ba4 19. Qe2 b5 20. Nd2 Nxd2 21. Qxd2 Bxd1 22. Rexd1 Rdb8 23. Ra1 Rb6 24. Rdb1 a4 1/2-1/2

[Event "Muensterland Verbandsliga 2526"]
[Site "Germany"]
[Date "2026.03.14"]
[Round "7"]
[Board "6"]
[White "Kloster, Daniel"]
[Black "Gaebler, Marcel"]
[Result "1/2-1/2"]
[WhiteElo "1694"]
[BlackElo "1726"]
[WhiteFideId "-1"]
[BlackFideId "-1"]
[PlyCount "54"]
[GameId "2287932246509101"]
[EventDate "2025.??.??"]
[EventType "team-tourn"]
[EventRounds "9"]
[EventCountry "GER"]
[SourceTitle "Verband Muensterland"]
[SourceDate "2025.11.13"]
[SourceVersion "1"]
[SourceVersionDate "2025.11.13"]
[SourceQuality "1"]
[WhiteTeam "Stadtlohn"]
[BlackTeam "Beelen"]
[WhiteTeamCountry "GER"]
[BlackTeamCountry "GER"]

1. d4 Nf6 2. Bf4 e6 3. e3 Be7 4. c3 O-O 5. Nd2 Nd5 6. Bg3 f5 7. Bd3 d6 8. e4 fxe4 9. Bxe4 Nf6 10. Bd3 Nc6 11. Ngf3 e5 12. dxe5 dxe5 13. Bc4+ Kh8 14. Nxe5 Nxe5 15. Bxe5 Ng4 16. Bg3 Bg5 17. Nf3 Qe7+ 18. Qe2 Qc5 19. Nxg5 Qxg5 20. O-O Bd7 21. h3 Rae8 22. Qd1 Nf6 23. h4 Qc5 24. Qd4 Qxd4 25. cxd4 Re4 26. Rad1 c5 27. Bd6 Rc8 1/2-1/2

[Event "Muensterland Verbandsliga 2526"]
[Site "Germany"]
[Date "2026.03.14"]
[Round "7"]
[Board "7"]
[White "Austermann, Reinhold"]
[Black "Kloster, Elisabeth"]
[Result "1/2-1/2"]
[WhiteElo "1786"]
[BlackElo "1694"]
[WhiteFideId "-1"]
[BlackFideId "-1"]
[PlyCount "38"]
[GameId "2287945970053182"]
[EventDate "2025.??.??"]
[EventType "team-tourn"]
[EventRounds "9"]
[EventCountry "GER"]
[SourceTitle "Verband Muensterland"]
[SourceDate "2025.11.13"]
[SourceVersion "1"]
[SourceVersionDate "2025.11.13"]
[SourceQuality "1"]
[WhiteTeam "Beelen"]
[BlackTeam "Stadtlohn"]
[WhiteTeamCountry "GER"]
[BlackTeamCountry "GER"]

1. d4 Nf6 2. e3 g6 3. Bd3 Bg7 4. c3 d6 5. f4 b6 6. Nf3 Bb7 7. O-O Nbd7 8. Qe2 O-O 9. Nbd2 Re8 10. f5 e5 11. fxg6 fxg6 12. dxe5 Nxe5 13. Nxe5 Rxe5 14. Nf3 Re8 15. Qc2 Be4 16. Ng5 d5 17. Bd2 Qd7 18. Bxe4 Nxe4 19. Nxe4 Rxe4 1/2-1/2

[Event "Muensterland Verbandsliga 2526"]
[Site "Germany"]
[Date "2026.03.14"]
[Round "7"]
[Board "8"]
[White "Van Harxen, Luc"]
[Black "Hofene, Markus"]
[Result "0-1"]
[WhiteElo "1542"]
[BlackElo "1659"]
[WhiteFideId "-1"]
[BlackFideId "-1"]
[PlyCount "126"]
[GameId "2287948563423988"]
[EventDate "2025.??.??"]
[EventType "team-tourn"]
[EventRounds "9"]
[EventCountry "GER"]
[SourceTitle "Verband Muensterland"]
[SourceDate "2025.11.13"]
[SourceVersion "1"]
[SourceVersionDate "2025.11.13"]
[SourceQuality "1"]
[WhiteTeam "Stadtlohn"]
[BlackTeam "Beelen"]
[WhiteTeamCountry "GER"]
[BlackTeamCountry "GER"]

1. e4 c6 2. d4 d5 3. exd5 cxd5 4. Nf3 Nc6 5. Be2 Nf6 6. Bg5 e6 7. O-O Be7 8. c3 O-O 9. Nbd2 a6 10. Bd3 b5 11. Qc2 h6 12. Bh4 Bb7 13. a3 Rc8 14. Rac1 Nh5 15. Bxe7 Qxe7 16. g3 Nf6 17. Rfe1 Nd7 18. Re2 Qf6 19. Rce1 Nb6 20. Qb1 Nc4 21. Nh4 Nxd2 22. Rxd2 e5 23. dxe5 Nxe5 24. Rde2 Nxd3 25. Qxd3 d4 26. Qxd4 Qc6 27. f4 Qh1+ 28. Kf2 Qxh2+ 29. Kf1 Qh3+ 30. Ng2 Qxg3 31. Qe3 Bxg2+ 32. Rxg2 Qxe3 33. Rxe3 Rfe8 34. Reg3 g6 35. Rh2 Kg7 36. Rd2 Rc4 37. Rf3 Rce4 38. Kf2 R8e6 39. f5 Rf6 40. fxg6 Kxg6 41. b3 h5 42. Rd5 Ref4 43. Rxf4 Rxf4+ 44. Kg3 Re4 45. Kf3 Re6 46. c4 bxc4 47. bxc4 h4 48. c5 h3 49. a4 Rc6 50. Kg3 Kf6 51. Kxh3 Ke6 52. Rh5 f5 53. Kg3 Ke5 54. Rh4 Rxc5 55. Rb4 a5 56. Rb3 Kd4 57. Kf4 Kc4 58. Rb8 Kc3 59. Rb5 Rc4+ 60. Kxf5 Rxa4 61. Ke5 Rh4 62. Kd5 a4 63. Kc5 Rc4+ 0-1

[Event "Muensterland Verbandsliga 2526"]
[Site "Germany"]
[Date "2026.03.14"]
[Round "7"]
[Board "1"]
[White "Sparwel, Oliver"]
[Black "Becker, Daniel"]
[Result "1-0"]
[WhiteElo "1901"]
[BlackElo "1825"]
[WhiteFideId "-1"]
[BlackFideId "-1"]
[PlyCount "93"]
[GameId "2290172577728097"]
[EventDate "2025.??.??"]
[EventType "team-tourn"]
[EventRounds "9"]
[EventCountry "GER"]
[SourceTitle "Verband Muensterland"]
[SourceDate "2025.11.13"]
[SourceVersion "1"]
[SourceVersionDate "2025.11.13"]
[SourceQuality "1"]
[WhiteTeam "Suedlohn II"]
[BlackTeam "Nienberge II"]
[WhiteTeamCountry "GER"]
[BlackTeamCountry "GER"]

1. d4 d6 2. e4 g6 3. Nc3 Bg7 4. Be3 c6 5. Qd2 Nd7 6. f4 b5 7. Nf3 Ngf6 8. e5 Ng4 9. Bg1 b4 10. Nd1 a5 11. Ng5 Nf8 12. h3 Nh6 13. Ne3 dxe5 14. fxe5 Ne6 15. Nf3 O-O 16. Bc4 Kh8 17. Bh2 Nc7 18. O-O Be6 19. Bxe6 Nxe6 20. c4 Qb6 21. Kh1 Rad8 22. d5 cxd5 23. Nxd5 Qc5 24. b3 Nf5 25. Qe1 Ned4 26. Nxd4 Nxd4 27. Bg1 e6 28. Nf6 Bxf6 29. exf6 Qh5 30. Rc1 Ne2 31. Rc2 Nxg1 32. Kxg1 Rc8 33. Rd2 Rfd8 34. Qd1 Qc5+ 35. Kh1 Qc7 36. Rf3 Rxd2 37. Qxd2 Rd8 38. Rd3 Rxd3 39. Qxd3 h6 40. Qd4 Qg3 41. c5 Qc3 42. Qd6 Qxf6 43. c6 Qf5 44. c7 e5 45. Qc5 Qf1+ 46. Kh2 Qf4+ 47. Kg1 1-0

[Event "Muensterland Verbandsliga 2526"]
[Site "Germany"]
[Date "2026.03.14"]
[Round "7"]
[Board "2"]
[White "Bahr, Maximilian"]
[Black "Albersmann, Rene"]
[Result "0-1"]
[WhiteElo "1772"]
[BlackElo "1844"]
[WhiteFideId "-1"]
[BlackFideId "-1"]
[PlyCount "54"]
[GameId "2290172577793635"]
[EventDate "2025.??.??"]
[EventType "team-tourn"]
[EventRounds "9"]
[EventCountry "GER"]
[SourceTitle "Verband Muensterland"]
[SourceDate "2025.11.13"]
[SourceVersion "1"]
[SourceVersionDate "2025.11.13"]
[SourceQuality "1"]
[WhiteTeam "Nienberge II"]
[BlackTeam "Suedlohn II"]
[WhiteTeamCountry "GER"]
[BlackTeamCountry "GER"]

1. e4 c5 2. Nc3 Nc6 3. Nf3 e6 4. d4 cxd4 5. Nxd4 Bc5 6. Nb3 Bb6 7. Bf4 Qf6 8. Bg3 a6 9. Qd2 Nge7 10. O-O-O O-O 11. f4 d5 12. exd5 Nxd5 13. Nxd5 exd5 14. Bd3 a5 15. a4 Bg4 16. Rde1 Nb4 17. Bb5 Rac8 18. c3 Qf5 19. Be2 Na2+ 20. Kd1 Qb1+ 21. Nc1 Bf5 22. Bb5 d4 23. c4 Bg4+ 24. Re2 Qxc1+ 25. Qxc1 Nxc1 26. Kxc1 Bxe2 27. b3 d3 0-1

[Event "Muensterland Verbandsliga 2526"]
[Site "Germany"]
[Date "2026.03.14"]
[Round "7"]
[Board "3"]
[White "Harbers, Gerard"]
[Black "Garrell, Damian"]
[Result "1-0"]
[WhiteElo "1837"]
[BlackElo "1792"]
[WhiteFideId "-1"]
[BlackFideId "-1"]
[PlyCount "107"]
[GameId "2290172577793637"]
[EventDate "2025.??.??"]
[EventType "team-tourn"]
[EventRounds "9"]
[EventCountry "GER"]
[SourceTitle "Verband Muensterland"]
[SourceDate "2025.11.13"]
[SourceVersion "1"]
[SourceVersionDate "2025.11.13"]
[SourceQuality "1"]
[WhiteTeam "Suedlohn II"]
[BlackTeam "Nienberge II"]
[WhiteTeamCountry "GER"]
[BlackTeamCountry "GER"]

1. e4 c5 2. Nf3 e6 3. d4 cxd4 4. Nxd4 Nc6 5. Nxc6 bxc6 6. Bd3 Qc7 7. O-O d5 8. exd5 cxd5 9. c4 dxc4 10. Qa4+ Bd7 11. Qxc4 Qxc4 12. Bxc4 Nf6 13. Be3 Bd6 14. Rd1 Ke7 15. f3 Rhb8 16. b3 Bc6 17. Nc3 Bb4 18. Rac1 a5 19. Ne2 Bd5 20. Nd4 Rc8 21. Bb5 Ba3 22. Rxc8 Rxc8 23. Bd3 Bc5 24. Bf2 a4 25. bxa4 Bxa2 26. Bb5 Kf8 27. Rc1 Kg8 28. Nc6 Bxf2+ 29. Kxf2 Ra8 30. Ra1 Bd5 31. a5 Ne8 32. Ne7+ Kf8 33. Nxd5 exd5 34. Bc6 Ra7 35. Bxd5 Ke7 36. a6 Nc7 37. Bc4 f6 38. Ke3 Kd6 39. Kd4 Kc6 40. g3 h6 41. h4 g6 42. g4 Ne8 43. Bd3 g5 44. hxg5 hxg5 45. Be4+ Kd7 46. Kc5 Nd6 47. Bd3 Ke6 48. Re1+ Kd7 49. Kd5 Nf7 50. Bb5+ Kc7 51. Re7+ Kb6 52. Rxa7 Kxa7 53. Ke6 Ne5 54. Be2 1-0

[Event "Muensterland Verbandsliga 2526"]
[Site "Germany"]
[Date "2026.03.14"]
[Round "7"]
[Board "4"]
[White "Wilmes, Niklas"]
[Black "Emming, Benedikt"]
[Result "1-0"]
[WhiteElo "1749"]
[BlackElo "1815"]
[WhiteFideId "-1"]
[BlackFideId "-1"]
[PlyCount "65"]
[GameId "2290172577801831"]
[EventDate "2025.??.??"]
[EventType "team-tourn"]
[EventRounds "9"]
[EventCountry "GER"]
[SourceTitle "Verband Muensterland"]
[SourceDate "2025.11.13"]
[SourceVersion "1"]
[SourceVersionDate "2025.11.13"]
[SourceQuality "1"]
[WhiteTeam "Nienberge II"]
[BlackTeam "Suedlohn II"]
[WhiteTeamCountry "GER"]
[BlackTeamCountry "GER"]

1. e4 c5 2. Nf3 Nf6 3. e5 Nd5 4. c3 e6 5. d4 cxd4 6. cxd4 d6 7. Nc3 Nc6 8. Nxd5 exd5 9. Bd3 dxe5 10. Nxe5 Nxe5 11. dxe5 Bb4+ 12. Bd2 Qa5 13. Bxb4 Qxb4+ 14. Qd2 Qxd2+ 15. Kxd2 Be6 16. Rac1 Kd8 17. a3 Rc8 18. Rxc8+ Kxc8 19. Rc1+ Kb8 20. Ke3 h6 21. f4 g6 22. h3 h5 23. h4 a6 24. b4 Rd8 25. Kd4 Ka7 26. a4 Bd7 27. a5 Bc6 28. Rc5 Be8 29. Rxd5 Rxd5+ 30. Kxd5 Bc6+ 31. Kd6 Bxg2 32. Bc4 b6 33. Bxf7 1-0

[Event "Muensterland Verbandsliga 2526"]
[Site "Germany"]
[Date "2026.03.14"]
[Round "7"]
[Board "5"]
[White "Richters, Alfred"]
[Black "Van de Vyle, Jan"]
[Result "1/2-1/2"]
[WhiteElo "1827"]
[BlackElo "1792"]
[WhiteFideId "-1"]
[BlackFideId "-1"]
[PlyCount "72"]
[GameId "2290172577810025"]
[EventDate "2025.??.??"]
[EventType "team-tourn"]
[EventRounds "9"]
[EventCountry "GER"]
[SourceTitle "Verband Muensterland"]
[SourceDate "2025.11.13"]
[SourceVersion "1"]
[SourceVersionDate "2025.11.13"]
[SourceQuality "1"]
[WhiteTeam "Suedlohn II"]
[BlackTeam "Nienberge II"]
[WhiteTeamCountry "GER"]
[BlackTeamCountry "GER"]

1. d4 c5 2. dxc5 e6 3. e4 Bxc5 4. Nc3 d6 5. Bd3 Nc6 6. Nf3 Nf6 7. O-O O-O 8. Na4 Bb4 9. a3 Ba5 10. b4 Bc7 11. Bb2 Bd7 12. c4 Ne5 13. Nxe5 dxe5 14. Nc5 Bc6 15. Qe2 b6 16. Na6 Bb7 17. Nxc7 Qxc7 18. Rac1 Nd7 19. Rfd1 Rfd8 20. Qg4 Nf6 21. Qg5 h6 22. Qe3 Bc6 23. Qg3 Nd7 24. f4 Ba4 25. Rf1 f6 26. f5 exf5 27. Rxf5 Nf8 28. Rxf6 Rxd3 29. Rxf8+ Rxf8 30. Qxd3 Bc6 31. Qc3 Qf7 32. Qe3 Qg6 33. Re1 Re8 34. h3 Qe6 35. c5 b5 36. Qc3 Qg6 1/2-1/2

[Event "Muensterland Verbandsliga 2526"]
[Site "Germany"]
[Date "2026.03.14"]
[Round "7"]
[Board "6"]
[White "Haas, Kai"]
[Black "Boecker, Manfred"]
[Result "1-0"]
[WhiteElo "1900"]
[BlackElo "1775"]
[WhiteFideId "-1"]
[BlackFideId "-1"]
[PlyCount "39"]
[GameId "2290172577818219"]
[EventDate "2025.??.??"]
[EventType "team-tourn"]
[EventRounds "9"]
[EventCountry "GER"]
[SourceTitle "Verband Muensterland"]
[SourceDate "2025.11.13"]
[SourceVersion "1"]
[SourceVersionDate "2025.11.13"]
[SourceQuality "1"]
[WhiteTeam "Nienberge II"]
[BlackTeam "Suedlohn II"]
[WhiteTeamCountry "GER"]
[BlackTeamCountry "GER"]

1. d3 b6 2. e4 g6 3. Nf3 Bg7 4. g3 Bb7 5. Bg2 d6 6. O-O Nd7 7. Nbd2 Nh6 8. Re1 f6 9. Nh4 Nf7 10. f4 e5 11. a4 exf4 12. gxf4 a5 13. e5 fxe5 14. Bxb7 Rb8 15. fxe5 O-O 16. e6 Rxb7 17. e7 Bd4+ 18. Kh1 Qa8 19. exf8=Q+ Nxf8 20. Qf3 1-0

[Event "Muensterland Verbandsliga 2526"]
[Site "Germany"]
[Date "2026.03.14"]
[Round "7"]
[Board "7"]
[White "Schmeing, Manfred"]
[Black "Nguyen, Alexander"]
[Result "1/2-1/2"]
[WhiteElo "1686"]
[BlackElo "1629"]
[WhiteFideId "-1"]
[BlackFideId "-1"]
[PlyCount "121"]
[GameId "2290172577818221"]
[EventDate "2025.??.??"]
[EventType "team-tourn"]
[EventRounds "9"]
[EventCountry "GER"]
[SourceTitle "Verband Muensterland"]
[SourceDate "2025.11.13"]
[SourceVersion "1"]
[SourceVersionDate "2025.11.13"]
[SourceQuality "1"]
[WhiteTeam "Suedlohn II"]
[BlackTeam "Nienberge II"]
[WhiteTeamCountry "GER"]
[BlackTeamCountry "GER"]

1. e4 e6 2. d4 d5 3. e5 c5 4. c3 Nc6 5. Nf3 Qb6 6. a3 c4 7. Be2 Na5 8. Nbd2 Bd7 9. O-O Be7 10. Ne1 O-O-O 11. f4 Nh6 12. g4 f6 13. h3 fxe5 14. fxe5 Rhf8 15. Ndf3 Nb3 16. Rb1 Nf7 17. Nc2 g5 18. Kg2 Rh8 19. Nd2 Rdf8 20. Nxb3 cxb3 21. Ne3 Bb5 22. c4 dxc4 23. Qd2 Qc6+ 24. Bf3 Qc7 25. Qc3 Kb8 26. Bd2 Rc8 27. Rbc1 Rhd8 28. Be4 Bf8 29. Rfd1 Bc6 30. Bxc6 Qxc6+ 31. Kg1 b5 32. a4 a6 33. axb5 axb5 34. Qa5 Rxd4 35. Bc3 Rxd1+ 36. Rxd1 Bc5 37. Kf2 Rc7 38. Bd4 Qb6 39. Qxb6+ Bxb6 40. Bxb6 Rc6 41. Bd4 b4 42. Rc1 c3 43. bxc3 b2 44. Rb1 bxc3 45. Nc2 Nh8 46. Ke3 Ng6 47. Nb4 Rc4 48. Nd3 Kc7 49. Nxb2 cxb2 50. Rxb2 Ra4 51. Rc2+ Kd7 52. Rc3 Nf4 53. Rb3 Kc6 54. Rb6+ Kc7 55. Rd6 Ra3+ 56. Ke4 Rxh3 57. Bb6+ Kb7 58. Be3 Nd5 59. Bxg5 Nc3+ 60. Kf4 Ne2+ 61. Ke4 1/2-1/2

[Event "Muensterland Verbandsliga 2526"]
[Site "Germany"]
[Date "2026.03.14"]
[Round "7"]
[Board "8"]
[White "Hirschmueller, Bennet"]
[Black "Buescher, Constantin"]
[Result "0-1"]
[WhiteElo "1715"]
[BlackElo "1576"]
[WhiteFideId "-1"]
[BlackFideId "-1"]
[PlyCount "64"]
[GameId "2290172577818223"]
[EventDate "2025.??.??"]
[EventType "team-tourn"]
[EventRounds "9"]
[EventCountry "GER"]
[SourceTitle "Verband Muensterland"]
[SourceDate "2025.11.13"]
[SourceVersion "1"]
[SourceVersionDate "2025.11.13"]
[SourceQuality "1"]
[WhiteTeam "Nienberge II"]
[BlackTeam "Suedlohn II"]
[WhiteTeamCountry "GER"]
[BlackTeamCountry "GER"]

1. e4 c5 2. Nc3 Nc6 3. Nf3 e6 4. d4 cxd4 5. Nxd4 Nf6 6. Be3 Bb4 7. Bd3 d5 8. Nxc6 bxc6 9. e5 d4 10. exf6 Qxf6 11. Be4 dxe3 12. Bxc6+ Ke7 13. O-O exf2+ 14. Kh1 Bxc3 15. Bxa8 Bxb2 16. Rb1 Ba6 17. Bc6 Rd8 18. Qh5 Be5 19. Bb5 Bb7 20. Bd3 Ba8 21. Rb5 Rd5 22. Qxh7 Rxb5 23. Bxb5 Qf4 24. Qh8 Bd5 25. Qe8+ Kf6 26. Qd8+ Kg6 27. Bd3+ f5 28. Qe8+ Kg5 29. Qh8 Qf3 30. h4+ Kg4 31. Qxg7+ Bxg7 32. gxf3+ Bxf3+ 0-1

[Event "Muensterland Verbandsliga 2526"]
[Site "Germany"]
[Date "2026.03.14"]
[Round "7"]
[Board "1"]
[White "Vocke, Stefan"]
[Black "Eiersbrock, Robin"]
[Result "0-1"]
[WhiteElo "1916"]
[BlackElo "2052"]
[WhiteFideId "-1"]
[BlackFideId "-1"]
[PlyCount "75"]
[GameId "2288623258210336"]
[EventDate "2025.??.??"]
[EventType "team-tourn"]
[EventRounds "9"]
[EventCountry "GER"]
[SourceTitle "Verband Muensterland"]
[SourceDate "2025.11.13"]
[SourceVersion "1"]
[SourceVersionDate "2025.11.13"]
[SourceQuality "1"]
[WhiteTeam "Ochtrup"]
[BlackTeam "Duelmen"]
[WhiteTeamCountry "GER"]
[BlackTeamCountry "GER"]

1. d4 Nf6 2. c4 g6 3. f3 c5 4. d5 Bg7 5. e4 d6 6. Nc3 O-O 7. Bg5 e6 8. Bd3 exd5 9. cxd5 Nbd7 10. Nh3 Ne5 11. Nf2 a6 12. a4 h6 13. Be3 Bd7 14. Be2 b5 15. f4 Nc4 16. Bxc4 bxc4 17. Qe2 Qb8 18. Qxc4 Ng4 19. Nxg4 Qxb2 20. Nxh6+ Kh7 21. O-O Qxc3 22. Qxc3 Bxc3 23. f5 Bxa1 24. Rxa1 Rae8 25. Ng4 f6 26. fxg6+ Kxg6 27. Nf2 f5 28. Bf4 fxe4 29. Bxd6 Rf5 30. Bxc5 e3 31. Nd3 Kg5 32. Ne1 Rxd5 33. Nf3+ Kh5 34. Bb4 Re4 35. Be1 Rxa4 36. Rxa4 Bxa4 37. h3 Rd1 38. g4+ 0-1

[Event "Muensterland Verbandsliga 2526"]
[Site "Germany"]
[Date "2026.03.14"]
[Round "7"]
[Board "2"]
[White "Eiersbrock, Marko"]
[Black "Boehlich, Daniel"]
[Result "1/2-1/2"]
[WhiteElo "1859"]
[BlackElo "2031"]
[WhiteFideId "-1"]
[BlackFideId "-1"]
[PlyCount "77"]
[GameId "2288626272817683"]
[EventDate "2025.??.??"]
[EventType "team-tourn"]
[EventRounds "9"]
[EventCountry "GER"]
[SourceTitle "Verband Muensterland"]
[SourceDate "2025.11.13"]
[SourceVersion "1"]
[SourceVersionDate "2025.11.13"]
[SourceQuality "1"]
[WhiteTeam "Duelmen"]
[BlackTeam "Ochtrup"]
[WhiteTeamCountry "GER"]
[BlackTeamCountry "GER"]

1. c4 Nf6 2. Nc3 e6 3. Nf3 d5 4. d4 Be7 5. Bf4 O-O 6. e3 c5 7. Be2 dxc4 8. dxc5 Bxc5 9. Bxc4 a6 10. O-O Nc6 11. Qc2 Nb4 12. Qb3 b5 13. Be2 Nfd5 14. Rfd1 Qb6 15. Bg3 Nxc3 16. bxc3 Nc6 17. Nd4 Bb7 18. Bf3 Na5 19. Qb1 Bxf3 20. Nxf3 Nc4 21. a4 bxa4 22. Qe4 Nd6 23. Qxa4 Rfc8 24. Rab1 Qc6 25. Qf4 Nf5 26. Ne5 Qe8 27. Rb7 Ra7 28. Rdd7 Rxb7 29. Rxb7 Rb8 30. Qf3 Qc8 31. Rxb8 Qxb8 32. h3 f6 33. Nd7 Qc8 34. Nxc5 Qxc5 35. Qa8+ Kf7 36. Qb7+ Kg6 37. Qxa6 Nxg3 38. fxg3 Qxe3+ 39. Kh2 1/2-1/2

[Event "Muensterland Verbandsliga 2526"]
[Site "Germany"]
[Date "2026.03.14"]
[Round "7"]
[Board "3"]
[White "Moor, Daniel"]
[Black "Loedding, Detlef"]
[Result "0-1"]
[WhiteElo "1862"]
[BlackElo "1860"]
[WhiteFideId "-1"]
[BlackFideId "-1"]
[PlyCount "80"]
[GameId "2288627507106470"]
[EventDate "2025.??.??"]
[EventType "team-tourn"]
[EventRounds "9"]
[EventCountry "GER"]
[SourceTitle "Verband Muensterland"]
[SourceDate "2025.11.13"]
[SourceVersion "1"]
[SourceVersionDate "2025.11.13"]
[SourceQuality "1"]
[WhiteTeam "Ochtrup"]
[BlackTeam "Duelmen"]
[WhiteTeamCountry "GER"]
[BlackTeamCountry "GER"]

1. Nf3 c5 2. c4 Nc6 3. g3 Nf6 4. Bg2 d5 5. cxd5 Nxd5 6. d3 e5 7. O-O Be7 8. Nbd2 O-O 9. Re1 Be6 10. b3 f6 11. Bb2 Qd7 12. Rc1 Rac8 13. Ba1 Rfd8 14. Ne4 Nd4 15. Qd2 b6 16. Nc3 Nxc3 17. Bxc3 Bd5 18. Bxd4 cxd4 19. Rxc8 Rxc8 20. Rc1 Be6 21. h4 a5 22. Qd1 Rc7 23. Kh2 Qc8 24. Ra1 Bb4 25. Nd2 Bxd2 26. Qxd2 Rc2 27. Qd1 Qc3 28. Bf3 Kf7 29. g4 h6 30. Kg3 g6 31. h5 g5 32. Be4 Ke7 33. e3 dxe3 34. fxe3 b5 35. Kf3 Bd7 36. d4 Rh2 37. Qg1 Rh3+ 38. Ke2 Qb2+ 39. Kd3 Rh2 40. Qd1 Bxg4 0-1

[Event "Muensterland Verbandsliga 2526"]
[Site "Germany"]
[Date "2026.03.14"]
[Round "7"]
[Board "4"]
[White "Dieckerhoff, Stefan"]
[Black "Jacob, Helmut"]
[Result "1-0"]
[WhiteElo "1767"]
[BlackElo "1920"]
[WhiteFideId "-1"]
[BlackFideId "-1"]
[PlyCount "121"]
[GameId "2288628795208391"]
[EventDate "2025.??.??"]
[EventType "team-tourn"]
[EventRounds "9"]
[EventCountry "GER"]
[SourceTitle "Verband Muensterland"]
[SourceDate "2025.11.13"]
[SourceVersion "1"]
[SourceVersionDate "2025.11.13"]
[SourceQuality "1"]
[WhiteTeam "Duelmen"]
[BlackTeam "Ochtrup"]
[WhiteTeamCountry "GER"]
[BlackTeamCountry "GER"]

1. Nf3 c5 2. c4 Nc6 3. Nc3 g6 4. d4 cxd4 5. Nxd4 Bg7 6. e3 Nf6 7. g3 d6 8. Bg2 Bd7 9. O-O O-O 10. b3 Rc8 11. Bb2 a6 12. Qe2 Qb6 13. Rfd1 Bg4 14. f3 Bd7 15. Kh1 Qa5 16. a3 Na7 17. e4 Nc6 18. Nd5 Nxd5 19. exd5 Nxd4 20. Bxd4 Rfe8 21. Bxg7 Kxg7 22. Qb2+ Kg8 23. Rd4 Qd8 24. Qd2 f6 25. Qh6 Rf8 26. Re1 Rf7 27. Bf1 Qf8 28. Qe3 Rc7 29. Re4 Bf5 30. Rd4 Bd7 31. Rc1 Bc8 32. b4 f5 33. f4 Qd8 34. c5 Kf8 35. Rdc4 dxc5 36. Qc3 Rf6 37. Rxc5 Rxc5 38. Qxc5 Bd7 39. Qc7 Ke8 40. Qxb7 Rb6 41. Qa7 Bb5 42. Bg2 Qb8 43. Qxb8+ Rxb8 44. Rc5 Kd7 45. Kg1 Rb6 46. Kf2 Rd6 47. Ke3 Rb6 48. Kd4 Rd6 49. Bf3 h5 50. h4 Rb6 51. Bd1 Bf1 52. Bb3 Be2 53. Bc4 Bxc4 54. Kxc4 e6 55. a4 exd5+ 56. Rxd5+ Kc7 57. b5 axb5+ 58. axb5 Re6 59. Re5 Rd6 60. Re3 Kb6 61. Ra3 1-0

[Event "Muensterland Verbandsliga 2526"]
[Site "Germany"]
[Date "2026.03.14"]
[Round "7"]
[Board "5"]
[White "Schwietering, Ralf"]
[Black "Rebber, Christian"]
[Result "1/2-1/2"]
[WhiteElo "1774"]
[BlackElo "1799"]
[WhiteFideId "-1"]
[BlackFideId "-1"]
[PlyCount "35"]
[GameId "2288631165703065"]
[EventDate "2025.??.??"]
[EventType "team-tourn"]
[EventRounds "9"]
[EventCountry "GER"]
[SourceTitle "Verband Muensterland"]
[SourceDate "2025.11.13"]
[SourceVersion "1"]
[SourceVersionDate "2025.11.13"]
[SourceQuality "1"]
[WhiteTeam "Ochtrup"]
[BlackTeam "Duelmen"]
[WhiteTeamCountry "GER"]
[BlackTeamCountry "GER"]

1. e4 c5 2. Nf3 Nc6 3. c3 d5 4. d3 d4 5. Be2 e5 6. Bd2 Nf6 7. O-O Be7 8. a3 a5 9. a4 O-O 10. Na3 Nxe4 11. dxe4 d3 12. Nc4 dxe2 13. Qxe2 Bg4 14. h3 Bxf3 15. Qxf3 Bg5 16. Rfd1 Bxd2 17. Rxd2 Qe7 18. Rad1 1/2-1/2